Katalog Plus
Bibliothek der Frankfurt UAS
Bald neuer Katalog: sichern Sie sich schon vorab Ihre persönlichen Merklisten im Nutzerkonto: Anleitung.

Coaching Theorie

Titel: Coaching Theorie : Eine Einführung / von Michael Loebbert, Zsofia Bruni
Verfasser: ;
Ausgabe: 3rd ed. 2025
Veröffentlicht: Wiesbaden : Springer Fachmedien Wiesbaden, 2025
Umfang: 1 Online-Ressource (XVII, 201 Seiten) : 19 Abb.
Format: E-Book
Sprache: Deutsch
Schlagworte:
Andere Ausgaben: Erscheint auch als Druck-Ausgabe: Loebbert, Michael. Coaching Theorie. - Wiesbaden : Springer Fachmedien Wiesbaden, 2025
ISBN: 9783658475215 ; 3658475218 ; 9783658475208
Buchumschlag
X
alg: 52962338
001A    $06055:05-05-25 
001B    $06055:04-09-25 $t14:35:53.000 
001D    $06055:05-05-25 
001U    $0utf8 
001X    $00 
002@    $0Oax 
002C    $aText $btxt $2rdacontent 
002D    $aComputermedien $bc $2rdamedia 
002E    $aOnline-Ressource $bcr $2rdacarrier 
003@    $0529623382 
004A    $A978-3-658-47521-5 
004A    $03-658-47521-8 
004E/04 $0SpringerNature-40904 $fSubject Collection Psychology (German Language) 
004O    $A978-3-658-47520-8 $Sp 
004P    $010.1007/978-3-658-47521-5 $SV526 
007A    $0529623382 $aHEB 
007I    $0Springer978-3-658-47521-5 
009P    $qtext/html $3Inhaltsverzeichnis $uhttp://scans.hebis.de/HEBCGI/show.pl?52962338_toc.html $mX:DE-He213 
009P    $qtext/html $3Ausführliche Beschreibung $uhttp://scans.hebis.de/HEBCGI/show.pl?52962338_aub.html $mX:DE-He213 
009Q    $SV526 $uhttps://doi.org/10.1007/978-3-658-47521-5 $xR 
010@    $ager 
010E    $erda 
011@    $a2025 
017B    $aZDB-2-SEP 
021A    $aCoaching Theorie $dEine Einführung $hvon Michael Loebbert, Zsofia Bruni 
028A    $aLoebbert $BVerfasser $dMichael $4aut 
028C    $aBruni $BVerfasser $dZsofia $4aut 
032@    $a3rd ed. 2025 
033A    $pWiesbaden $nSpringer Fachmedien Wiesbaden 
033E    $pCham $nSpringer International Publishing AG 
034D    $a1 Online-Ressource (XVII, 201 Seiten) 
034M    $a19 Abb. 
039D    $aErscheint auch als $tCoaching Theorie $dWiesbaden $eSpringer Fachmedien Wiesbaden $f2025 $z978-3-658-47520-8 $lLoebbert, Michael $nDruck-Ausgabe 
044A    $aPsychology, Industrial $S#0 $N650 
044A    $aPersonal coaching $S#0 $N650 
044A    $aVocational guidance $S#0 $N650 
044A    $aSupervision $S#0 $N650 
044A    $aWork and Organizational Psychology $S14 $N650 
044A    $aCoaching $S24 $N650 
044A    $aCareer Counseling $S24 $N650 
044A    $aSupervision $S24 $N650 
044K    $RBeratung $#Mentoring in business $#Tuteurs et tutorat (travail) $#Tutoría (Empresas) $#Coaching $#Coaching $74148114-8 $8Coaching [Ts1] $9085600822 
044K    $RPraxis $#Theory (Philosophy) $#Théorie (philosophie) $#Theorie $#Theorie $74059787-8 $8Theorie [Tsz] $9085166316 
045B    $a158.7 $eDDC23eng 
045E    $c150 

lok: 52962338 3
101B    $007-05-25 $t15:43:45.000 
101C    $007-05-25 
101U    $0utf8 
145S/01 $a003 

exp: 52962338 3 1 #EPN
201B/01 $007-05-25 $t15:43:44.000 
201C/01 $005-05-25 
201U/01 $0utf8 
203@/01 $01303850036 
204P/01 $010.1007/978-3-658-47521-5 $SV526 
208@/01 $a05-05-25 $bl 
209B/01 $a502 $x05 

lok: 52962338 5

exp: 52962338 5 1 #EPN
201B/01 $006-05-25 $t01:04:31.789 
201C/01 $005-05-25 
201U/01 $0utf8 
203@/01 $01303850044 
204P/01 $010.1007/978-3-658-47521-5 $SV526 
208@/01 $a05-05-25 $bl 

lok: 52962338 8

exp: 52962338 8 1 #EPN
201B/01 $006-05-25 $t01:04:31.792 
201C/01 $005-05-25 
201U/01 $0utf8 
203@/01 $01303850052 
204P/01 $010.1007/978-3-658-47521-5 $SV526 
208@/01 $a05-05-25 $bl 

lok: 52962338 10

exp: 52962338 10 1 #EPN
201B/01 $006-05-25 $t01:04:31.801 
201C/01 $005-05-25 
201U/01 $0utf8 
203@/01 $01303850060 
204P/01 $010.1007/978-3-658-47521-5 $SV526 
208@/01 $a05-05-25 $bl 

lok: 52962338 11

exp: 52962338 11 1 #EPN
201B/01 $006-05-25 $t01:04:31.809 
201C/01 $005-05-25 
201U/01 $0utf8 
203@/01 $01303850079 
204P/01 $010.1007/978-3-658-47521-5 $SV526 
208@/01 $a05-05-25 $bl 

lok: 52962338 20

exp: 52962338 20 1 #EPN
201B/01 $006-05-25 $t01:04:31.813 
201C/01 $005-05-25 
201U/01 $0utf8 
203@/01 $01303850087 
204P/01 $010.1007/978-3-658-47521-5 $SV526 
208@/01 $a05-05-25 $bl 

lok: 52962338 21

exp: 52962338 21 1 #EPN
201B/01 $006-05-25 $t01:04:31.822 
201C/01 $005-05-25 
201U/01 $0utf8 
203@/01 $01303850095 
204P/01 $010.1007/978-3-658-47521-5 $SV526 
208@/01 $a05-05-25 $bl 

lok: 52962338 23

exp: 52962338 23 1 #EPN
201B/01 $006-05-25 $t01:04:31.825 
201C/01 $005-05-25 
201U/01 $0utf8 
203@/01 $01303850109 
204P/01 $010.1007/978-3-658-47521-5 $SV526 
208@/01 $a05-05-25 $bl 

lok: 52962338 25

exp: 52962338 25 1 #EPN
201B/01 $006-05-25 $t01:04:31.831 
201C/01 $005-05-25 
201U/01 $0utf8 
203@/01 $01303850117 
204P/01 $010.1007/978-3-658-47521-5 $SV526 
208@/01 $a05-05-25 $bl 

lok: 52962338 204

exp: 52962338 204 1 #EPN
201B/01 $006-05-25 $t01:04:31.835 
201C/01 $005-05-25 
201U/01 $0utf8 
203@/01 $01303850125 
204P/01 $010.1007/978-3-658-47521-5 $SV526 
208@/01 $a05-05-25 $bl 

lok: 52962338 205

exp: 52962338 205 1 #EPN
201B/01 $012-06-25 $t12:28:46.000 
201C/01 $005-05-25 
201U/01 $0utf8 
203@/01 $01303850133 
204P/01 $010.1007/978-3-658-47521-5 $SV526 
208@/01 $a05-05-25 $bla 
209B/01 $aebo $x05 
209B/01 $aspp $x06 
209C/01 $anel2506cl
LEADER 00000cam a22000002c 4500
001 529623382
003 DE-603
005 20250904143553.0
007 cr||||||||||||
008 250505s2025 xx |||| o| u00||u|ger c
020 |a 9783658475215 
020 |a 3658475218 
024 7 |a 10.1007/978-3-658-47521-5  |2 doi 
028 5 2 |a SpringerNature-40904 
035 |a (DE-599)HEB529623382 
040 |a DE-603  |b ger  |c DE-603  |d DE-603  |e rda 
041 |a ger 
082 7 |a 158.7  |2 23/eng 
084 |a 150  |q DE-101  |2 sdnb 
100 1 |a Loebbert, Michael  |e Verfasser  |4 aut 
245 0 0 |a Coaching Theorie  |b Eine Einführung  |c von Michael Loebbert, Zsofia Bruni 
250 |a 3rd ed. 2025 
264 1 |a Wiesbaden  |b Springer Fachmedien Wiesbaden  |c 2025 
264 2 |a Cham  |b Springer International Publishing AG 
300 |a 1 Online-Ressource (XVII, 201 Seiten)  |b 19 Abb. 
336 |a Text  |b txt  |2 rdacontent 
337 |a Computermedien  |b c  |2 rdamedia 
338 |a Online-Ressource  |b cr  |2 rdacarrier 
650 7 |a Coaching  |0 (DE-588)4148114-8  |0 (DE-603)085600822  |2 gnd 
650 7 |a Theorie  |0 (DE-588)4059787-8  |0 (DE-603)085166316  |2 gnd 
700 1 |a Bruni, Zsofia  |e Verfasser  |4 aut 
776 0 8 |i Erscheint auch als  |n Druck-Ausgabe  |a Loebbert, Michael  |t Coaching Theorie  |d Wiesbaden : Springer Fachmedien Wiesbaden, 2025  |z 9783658475208 
776 1 |z 9783658475208 
856 |u https://doi.org/10.1007/978-3-658-47521-5  |x Resolving-System 
856 4 2 |m X:DE-He213  |q text/html  |u http://scans.hebis.de/HEBCGI/show.pl?52962338_toc.html  |3 Inhaltsverzeichnis 
856 4 2 |m X:DE-He213  |q text/html  |u http://scans.hebis.de/HEBCGI/show.pl?52962338_aub.html  |3 Ausführliche Beschreibung 
912 |a ZDB-2-SEP 
924 1 |9 603  |a (DE-603)1303850036  |b DE-603  |c HES  |d d 
924 1 |9 603  |a (DE-603)1303850044  |b DE-603  |c HES  |d d 
924 1 |9 603  |a (DE-603)1303850052  |b DE-603  |c HES  |d d 
924 1 |9 603  |a (DE-603)1303850060  |b DE-603  |c HES  |d d 
924 1 |9 603  |a (DE-603)1303850079  |b DE-603  |c HES  |d d 
924 1 |9 603  |a (DE-603)1303850087  |b DE-603  |c HES  |d d 
924 1 |9 603  |a (DE-603)1303850095  |b DE-603  |c HES  |d d 
924 1 |9 603  |a (DE-603)1303850109  |b DE-603  |c HES  |d d 
924 1 |9 603  |a (DE-603)1303850117  |b DE-603  |c HES  |d d 
924 1 |9 603  |a (DE-603)1303850125  |b DE-603  |c HES  |d d 
924 1 |9 603  |a (DE-603)1303850133  |b DE-603  |c HES  |d d